Statistics for Every Cambridgeshire Parish (With Map)

Click here to take the quiz!

General Stats

  • This quiz has been taken 255 times
  • The average score is 37 of 265

Answers on the Map

Answers color-coded by a green-red scale on the quiz's map according to % correct below.
 

Answer Stats

Answers% Correct
Ely
90%
St. Ives
71%
Huntingdon
69%
St. Neots
59%
March
58%
Wisbech
53%
Waterbeach
51%
Godmanchester
49%
Soham
49%
Cambourne
47%
Bar Hill
46%
Milton
46%
Linton
44%
Whittlesey
44%
Chatteris
42%
Duxford
41%
Foxton
39%
Meldreth
37%
Sawston
37%
Teversham
37%
Fulbourn
36%
Ramsey
36%
Chesterton
34%
Dullingham
34%
Grantchester
34%
Madingley
34%
Manea
34%
Shepreth
34%
Burwell
32%
Great Wilbraham
32%
Landbeach
32%
Gamlingay
31%
Great Shelford
31%
Littleport
31%
Swaffham Prior
31%
Cottenham
29%
Impington
29%
Little Wilbraham
29%
Warboys
29%
Wicken
29%
Babraham
27%
Coton
27%
Thorney
27%
Girton
25%
Histon
25%
Isleham
25%
Kimbolton
25%
Little Shelford
25%
Longstanton
25%
Sawtry
25%
Whittlesford
25%
Yaxley
25%
Barrington
24%
Kennett
24%
Melbourn
24%
Oakington and Westwick
24%
Wimpole
24%
Barton
22%
Buckden
22%
Bury
22%
Snailwell
22%
Fen Ditton
20%
Over
20%
Sutton
20%
Willingham
20%
Bourn
19%
Elton
19%
Great Abington
19%
Somersham
19%
Stow cum Quy
19%
Alconbury
17%
Bottisham
17%
Elm
17%
Harston
17%
Hinxton
17%
Lode
17%
Papworth Everard
17%
Swaffham Bulbeck
17%
Swavesey
17%
Castor
15%
Comberton
15%
Eye
15%
Fenstanton
15%
Hemingford Grey
15%
Stretham
15%
Fen Drayton
14%
Haddenham
14%
Holme
14%
Little Abington
14%
Newton
14%
Reach
14%
Steeple Morden
14%
Stilton
14%
West Wratting
14%
Balsham
12%
Bluntisham
12%
Brampton
12%
Caxton
12%
Chippenham
12%
Earith
12%
Grafham
12%
Haslingfield
12%
Stapleford
12%
Weston Colville
12%
Burrough Green
10%
Colne
10%
Great Gransden
10%
Guilden Morden
10%
Hardwick
10%
Ickleton
10%
Pidley cum Fenton
10%
Thetford
10%
Wimblington
10%
Wistow
10%
Witchford
10%
Abbots Ripton
8%
Ashley
8%
Barnack
8%
Bassingbourn cum Kneesworth
8%
Castle Camps
8%
Denton and Caldecote
8%
Doddington
8%
Downham
8%
Great Eversden
8%
Great Paxton
8%
Hamerton and Steeple Gidding
8%
Horningsea
8%
Houghton and Wyton
8%
Kings Ripton
8%
Little Paxton
8%
Mepal
8%
Pampisford
8%
Rampton
8%
Thriplow
8%
Toft
8%
Upwood and the Raveleys
8%
Wansford
8%
Wilburton
8%
Benwick
7%
Bretton
7%
Brinkley
7%
Caldecote
7%
Cheveley
7%
Dry Drayton
7%
Farcet
7%
Fordham
7%
Graveley
7%
Hauxton
7%
Hildersham
7%
Hilton
7%
Little Eversden
7%
Old Hurst
7%
Perry
7%
Spaldwick
7%
West Wickham
7%
Whaddon
7%
Wittering
7%
Woodditton
7%
Woodhurst
7%
Arrington
5%
Bartlow
5%
Boxworth
5%
Brington and Molesworth
5%
Broughton
5%
Conington
5%
Ellington
5%
Elsworth
5%
Etton
5%
Fowlmere
5%
Glatton
5%
Glinton
5%
Great and Little Chishill
5%
Great Gidding
5%
Great Staughton
5%
Haddon
5%
Hadstock
5%
Heydon
5%
Horseheath
5%
Kirtling
5%
Knapwell
5%
Leighton
5%
Litlington
5%
Little Gidding
5%
Little Gransden
5%
Lolworth
5%
Longstowe
5%
Northborough
5%
Offord Cluny and Offord D'Arcy
5%
Orton Longueville
5%
Orwell
5%
Peakirk
5%
Shingay cum Wendy
5%
Shudy Camps
5%
Witcham
5%
Abbotsley
3%
Abington Pigotts
3%
Ailsworth
3%
Alconbury Weston
3%
Alwalton
3%
Bainton
3%
Barham and Woolley
3%
Bythorn and Keyston
3%
Catworth
3%
Coveney
3%
Croydon
3%
Deeping Gate
3%
Easton
3%
Eltisley
3%
Folksworth and Washingley
3%
Gorefield
3%
Harlton
3%
Hatley
3%
Helpston
3%
Hemingford Abbots
3%
Kingston
3%
Marholm
3%
Maxey
3%
Morborne
3%
Newborough
3%
Newton-in-the-Isle
3%
Old Weston
3%
Orchard Park
3%
Orton Waterville
3%
Southorpe
3%
Stetchworth
3%
The Stukeleys
3%
Thornhaugh
3%
Tydd St. Giles
3%
Ufford
3%
Upton
3%
Upton and Coppingford
3%
Water Newton
3%
Wentworth
3%
Westley Waterless
3%
Wood Walton
3%
Wothorpe
3%
Borough Fen
2%
Buckworth
2%
Carlton
2%
Childerley
2%
Christchurch
2%
Covington
2%
Croxton
2%
Diddington
2%
Hail Weston
2%
Hampton Hargate and Vale
2%
Holywell-cum-Needingworth
2%
Leverington
2%
Papworth St. Agnes
2%
Parson Drove
2%
Sibson-cum-Stibbington
2%
Southoe and Midloe
2%
South Trumpington
2%
St. Martin's Without
2%
Stow Longa
2%
Tadlow
2%
Tilbrook
2%
Toseland
2%
Waresley-cum-Tetworth
2%
Winwick
2%
Wisbech St. Mary
2%
Yelling
2%
Wyton-on-the-Hill
0%

Score Distribution

Percentile by Number Answered

Percent of People with Each Score

Your Score History

You have not taken this quiz